| 000 | 01244nam a2200325Ia 4500 | ||
|---|---|---|---|
| 001 | ebr10457587 | ||
| 003 | CaPaEBR | ||
| 006 | m u | ||
| 007 | cr cn||||||||| | ||
| 008 | 091118s2010 nyua sb 001 0 eng d | ||
| 010 | _z 2009049077 | ||
| 020 | _z9780801448201 | ||
| 020 | _z0801448204 | ||
| 040 |
_aCaPaEBR _cCaPaEBR |
||
| 035 | _a(OCoLC)726824223 | ||
| 050 | 1 | 4 |
_aPS3527.A15 _bZ838 2010eb |
| 082 | 0 | 4 |
_a813/.54 _222 |
| 100 | 1 |
_aNaiman, Eric, _d1958- |
|
| 245 | 1 | 0 |
_aNabokov, perversely _h[electronic resource] / _cEric Naiman. |
| 260 |
_aIthaca : _bCornell University Press, _c2010. |
||
| 300 |
_aviii, 305 p. : _bill. |
||
| 504 | _aIncludes bibliographical references and index. | ||
| 533 |
_aElectronic reproduction. _bPalo Alto, Calif. : _cebrary, _d2011. _nAvailable via World Wide Web. _nAccess may be limited to ebrary affiliated libraries. |
||
| 600 | 1 | 0 |
_aNabokov, Vladimir Vladimirovich, _d1899-1977 _xCriticism and interpretation. |
| 650 | 0 | _aParaphilias in literature. | |
| 650 | 0 | _aSex in literature. | |
| 655 | 7 |
_aElectronic books. _2local |
|
| 710 | 2 | _aebrary, Inc. | |
| 856 | 4 | 0 |
_uhttp://site.ebrary.com/lib/rucke/Doc?id=10457587 _zAn electronic book accessible through the World Wide Web; click to view |
| 999 |
_c127806 _d127806 |
||